[Event "ESP-chT 2nd Division 2019"]
[Site "Linares"]
[Date "2019.08.21"]
[Round "4.32"]
[White "Represa Perez, Mireya"]
[Black "Martin Gonzalez, Angel"]
[Result "1/2-1/2"]
[WhiteElo "2229"]
[BlackElo "2334"]
[Annotator "NA"]
[PlyCount "124"]
[EventDate "2019.08.19"]
[EventType "team-tourn"]
[EventCountry "ESP"]
[SourceTitle "playchess.com"]
[Source "ChessBase"]
[SourceQuality "1"]
[TimeControl "5400+30"]

1. e4 {[%emt 0:00:00]} c5 {[%emt 0:00:00]} 2. Nf3 {[%emt 0:00:00]} g6 {[%emt 0:00:05]} 3. d4 {[%emt 0:00:00]} Bg7 {[%emt 0:00:06]} 4. dxc5 {[%emt 0:00:00]} Qa5+ {[%emt 0:00:08]} 5. c3 {[%emt 0:00:08]} Qxc5 {[%emt 0:01:38]} 6. Na3 {[%emt 0:08:28]} Nf6 {[%emt 0:09:36]} 7. Nb5 {[%emt 0:02:24]} b6 {[%emt 0:13:55]} 8. Be3 {[%emt 0:09:26]} Qc6 {[%emt 0:00:13]} 9. Bd3 {[%emt 0:09:28]} Bb7 {[%emt 0:08:21]} 10. Nfd4 {[%emt 0:11:46]} Qc8 {[%emt 0:00:29]} 11. Bf4 {[%emt 0:00:20]} O-O {[%emt 0:01:26]} 12. O-O {[%emt 0:08:27]} d6 {[%emt 0:09:36]} 13. Bg5 {[%emt 0:07:18]} Nbd7 {[%emt 0:03:47]} 14. Bc2 {[%emt 0:03:26]} a6 {[%emt 0:06:13]} 15. Na3 {[%emt 0:00:22]} Qc5 {[%emt 0:00:35]} 16. Be3 {[%emt 0:03:27]} Qc7 {[%emt 0:02:44]} 17. Qe2 {[%emt 0:04:05]} b5 {[%emt 0:00:49]} 18. Rae1 {[%emt 0:04:02]} Rfe8 {[%emt 0:00:21]} 19. Bg5 {[%emt 0:01:03]} Nc5 {[%emt 0:02:25]} 20. Bxf6 {[%emt 0:03:58]} Bxf6 {[%emt 0:01:38]} 21. f4 {[%emt 0:00:30]} e5 {[%emt 0:07:53]} 22. Nb3 {[%emt 0:03:50]} exf4 {[%emt 0:03:49]} 23. Rxf4 {[%emt 0:00:10]} Be5 {[%emt 0:00:21]} 24. Rh4 {[%emt 0:01:10]} Re7 {[%emt 0:01:04]} 25. Nd2 {[%emt 0:00:40]} Rae8 {[%emt 0:00:40]} 26. Kh1 {[%emt 0:03:44]} d5 {[%emt 0:02:49]} 27. Qf2 {[%emt 0:08:57]} Bg7 {[%emt 0:03:59]} 28. Re3 {[%emt 0:03:25]} Nxe4 {[%emt 0:08:25]} 29. Nxe4 {[%emt 0:00:26]} dxe4 {[%emt 0:00:08]} 30. Bb3 {[%emt 0:00:46]} Re5 {[%emt 0:04:39]} 31. Nc2 {[%emt 0:01:52]} Rf5 {[%emt 0:00:27]} 32. Qe2 {[%emt 0:00:52]} Qd8 {[%emt 0:00:54]} 33. Rhh3 {[%emt 0:01:16]} Qd2 {[%emt 0:00:26]} 34. Kg1 {[%emt 0:00:24]} Qc1+ {[%emt 0:00:42]} 35. Ne1 {[%emt 0:00:01]} Rd8 {[%emt 0:00:12]} 36. Qg4 {[%emt 0:00:30]} Qxb2 {[%emt 0:00:55]} 37. Qh4 {[%emt 0:00:16]} Rd2 {[%emt 0:01:16]} 38. Qxh7+ {[%emt 0:00:28]} Kf8 {[%emt 0:00:01]} 39. Qh4 {[%emt 0:00:22]} Qc1 {[%emt 0:02:01]} 40. Qg3 Be5 {[%emt 0:00:26]} 41. Qh4 {[%emt 0:01:22]} Qb2 {[%emt 0:01:01]} 42. Qh6+ {[%emt 0:00:10]} Bg7 {[%emt 0:00:15]} 43. Qh4 {[%emt 0:00:06]} Rff2 {[%emt 0:00:45]} 44. Rd3 {[%emt 0:01:14]} Bf6 {[%emt 0:02:28]} 45. Rxd2 {[%emt 0:00:28]} Bxh4 {[%emt 0:01:57]} 46. Rxb2 {[%emt 0:00:02]} Rxb2 {[%emt 0:00:15]} 47. Rxh4 {[%emt 0:00:01]} Rb1 {[%emt 0:00:37]} 48. Kf2 {[%emt 0:00:54]} Kg7 {[%emt 0:00:20]} 49. Nc2 {[%emt 0:00:51]} a5 {[%emt 0:00:01]} 50. Nd4 {[%emt 0:01:22]} Rb2+ {[%emt 0:00:23]} 51. Ke3 {[%emt 0:00:30]} a4 {[%emt 0:00:24]} 52. Bxf7 {[%emt 0:00:23]} Rxg2 {[%emt 0:00:27]} 53. Nxb5 {[%emt 0:00:32]} Kxf7 {[%emt 0:01:17]} 54. Nd6+ {[%emt 0:00:22]} Kf6 {[%emt 0:00:02]} 55. Nxb7 {[%emt 0:00:06]} Rxa2 {[%emt 0:00:05]} 56. Rxe4 {[%emt 0:00:26]} a3 {[%emt 0:01:02]} 57. h4 {[%emt 0:00:58]} Ra1 {[%emt 0:00:02]} 58. Nc5 {[%emt 0:00:53]} a2 {[%emt 0:00:04]} 59. Nb3 {[%emt 0:00:13]} Rb1 {[%emt 0:00:19]} 60. Ra4 {[%emt 0:00:04]} Rxb3 {[%emt 0:00:02]} 61. Rxa2 {[%emt 0:00:03]} Rxc3+ {[%emt 0:00:00]} 62. Kf4 {[%emt 0:00:11]} Rc4+ {[%emt 0:00:03] Ke4 Ke5+} 1/2-1/2

[Event "ESP-chT 2nd Division 2019"]
[Site "Linares"]
[Date "2019.08.21"]
[Round "4.33"]
[White "Jimenez Ruano, Adrian"]
[Black "Meneses Gonzalez, Kevin Moises"]
[Result "1-0"]
[WhiteElo "2278"]
[BlackElo "2251"]
[Annotator "NA"]
[PlyCount "131"]
[EventDate "2019.08.19"]
[EventType "team-tourn"]
[EventCountry "ESP"]
[SourceTitle "playchess.com"]
[Source "ChessBase"]
[SourceQuality "1"]
[TimeControl "5400+30"]

1. d4 {[%emt 0:00:00]} d5 {[%emt 0:00:00]} 2. c4 {[%emt 0:01:38]} e6 {[%emt 0:00:00]} 3. Nc3 {[%emt 0:00:10]} a6 {[%emt 0:00:00]} 4. Nf3 {[%emt 0:07:37]} Nf6 {[%emt 0:00:16]} 5. cxd5 {[%emt 0:08:57]} exd5 {[%emt 0:00:21]} 6. Bg5 {[%emt 0:01:31]} Be6 {[%emt 0:00:05]} 7. e3 {[%emt 0:01:32]} Nbd7 {[%emt 0:00:14]} 8. Bd3 {[%emt 0:00:34]} Bd6 {[%emt 0:00:11]} 9. Bh4 {[%emt 0:07:03]} h6 {[%emt 0:01:08]} 10. Rc1 {[%emt 0:08:22]} c6 {[%emt 0:01:27]} 11. a3 {[%emt 0:05:35]} O-O {[%emt 0:00:34]} 12. O-O {[%emt 0:01:03]} Re8 {[%emt 0:01:43]} 13. Re1 {[%emt 0:06:42]} Qc7 {[%emt 0:01:36]} 14. e4 {[%emt 0:10:14]} dxe4 {[%emt 0:01:12]} 15. Nxe4 {[%emt 0:00:12]} Nxe4 {[%emt 0:02:36]} 16. Bxe4 {[%emt 0:00:07]} Qa5 {[%emt 0:14:12]} 17. Bb1 {[%emt 0:04:15]} Bf5 {[%emt 0:14:07]} 18. Rxe8+ {[%emt 0:00:05]} Rxe8 {[%emt 0:00:02]} 19. d5 {[%emt 0:00:00]} Bxb1 {[%emt 0:09:41]} 20. dxc6 {[%emt 0:00:20]} Ne5 {[%emt 0:00:14]} 21. Nxe5 {[%emt 0:23:51]} Rxe5 {[%emt 0:17:07]} 22. b4 {[%emt 0:00:39]} Qc7 {[%emt 0:01:57]} 23. cxb7 {[%emt 0:02:01]} Qxb7 {[%emt 0:03:19]} 24. Rxb1 {[%emt 0:01:37]} Qe4 {[%emt 0:00:39]} 25. Bg3 {[%emt 0:00:48]} Rd5 {[%emt 0:00:13]} 26. Qe1 {[%emt 0:00:37]} Qxe1+ {[%emt 0:00:42]} 27. Rxe1 {[%emt 0:00:01]} Bxg3 {[%emt 0:00:04]} 28. hxg3 {[%emt 0:00:16]} Rd3 {[%emt 0:00:27]} 29. Re8+ {[%emt 0:04:01]} Kh7 {[%emt 0:00:04]} 30. Re3 {[%emt 0:00:03]} Rd1+ {[%emt 0:00:03]} 31. Kh2 {[%emt 0:00:02]} Ra1 {[%emt 0:00:07]} 32. g4 {[%emt 0:02:23]} g5 {[%emt 0:00:28]} 33. Kg3 {[%emt 0:00:11]} Kg6 {[%emt 0:00:04]} 34. Rd3 {[%emt 0:01:02]} f6 {[%emt 0:01:04]} 35. Kf3 {[%emt 0:00:23]} Ra2 {[%emt 0:02:48]} 36. Ke3 {[%emt 0:00:21]} h5 {[%emt 0:00:25]} 37. gxh5+ {[%emt 0:01:38]} Kxh5 {[%emt 0:00:04]} 38. Kf3 {[%emt 0:01:42]} f5 {[%emt 0:00:29]} 39. g3 {[%emt 0:01:05]} g4+ {[%emt 0:00:16]} 40. Ke3 {[%emt 0:00:31]} Kg5 {[%emt 0:00:09]} 41. Rc3 {[%emt 0:00:15]} Rb2 {[%emt 0:00:37]} 42. Rd3 {[%emt 0:00:14]} Ra2 {[%emt 0:00:04]} 43. Rb3 {[%emt 0:01:01]} Kf6 {[%emt 0:01:39]} 44. Rc3 {[%emt 0:00:10]} Kg5 {[%emt 0:00:03]} 45. f4+ {[%emt 0:01:03]} gxf3 {[%emt 0:00:05]} 46. Kxf3 {[%emt 0:00:05]} Rb2 {[%emt 0:01:20]} 47. Rd3 {[%emt 0:00:37]} a5 {[%emt 0:01:20]} 48. bxa5 {[%emt 0:00:13]} Rb5 {[%emt 0:00:04]} 49. a4 {[%emt 0:00:20]} Rxa5 {[%emt 0:00:02]} 50. Ra3 {[%emt 0:00:01]} Kg6 {[%emt 0:02:10]} 51. Kf4 {[%emt 0:00:07]} Kf6 {[%emt 0:00:04]} 52. Ra1 {[%emt 0:00:22]} Kg6 {[%emt 0:00:08]} 53. Ra3 {[%emt 0:01:44]} Kf6 {[%emt 0:00:04]} 54. Ke3 {[%emt 0:00:49]} Kg5 {[%emt 0:00:04]} 55. Kf3 {[%emt 0:00:47]} Kg6 {[%emt 0:00:09]} 56. Ke2 {[%emt 0:00:11]} Kg5 {[%emt 0:00:04]} 57. Kd3 {[%emt 0:00:22]} Kg4 {[%emt 0:00:23]} 58. Kd4 {[%emt 0:00:15]} Ra8 {[%emt 0:00:24]} 59. a5 {[%emt 0:00:22]} Ra6 {[%emt 0:09:05]} 60. Kc5 {[%emt 0:00:31]} Kh3 {[%emt 0:04:41]} 61. Kb5 {[%emt 0:00:30]} Rg6 {[%emt 0:00:02]} 62. a6 {[%emt 0:00:17]} Rxg3 {[%emt 0:01:08]} 63. Rxg3+ {[%emt 0:00:16]} Kxg3 {[%emt 0:00:01]} 64. a7 {[%emt 0:00:17]} f4 {[%emt 0:00:02]} 65. a8=Q {[%emt 0:00:12]} f3 {[%emt 0:00:03]} 66. Kc4 {[%emt 0:01:06]} 1-0

[Event "ESP-chT 2nd Division 2019"]
[Site "Linares"]
[Date "2019.08.21"]
[Round "4.34"]
[White "Ballester Sanz, Joaquin"]
[Black "Cano Sevilla, Ivan"]
[Result "0-1"]
[WhiteElo "2027"]
[BlackElo "1995"]
[Annotator "NA"]
[PlyCount "142"]
[EventDate "2019.08.19"]
[EventType "team-tourn"]
[EventCountry "ESP"]
[SourceTitle "playchess.com"]
[Source "ChessBase"]
[SourceQuality "1"]
[TimeControl "5400+30"]

1. e4 {[%emt 0:00:00]} c5 {[%emt 0:00:00]} 2. Nf3 {[%emt 0:00:00]} g6 {[%emt 0:00:00]} 3. d4 {[%emt 0:00:00]} cxd4 {[%emt 0:00:00]} 4. Nxd4 {[%emt 0:00:07]} Bg7 {[%emt 0:00:00]} 5. c4 {[%emt 0:00:22]} Nc6 {[%emt 0:00:09]} 6. Be3 {[%emt 0:00:22]} Nf6 {[%emt 0:00:04]} 7. Nc3 {[%emt 0:00:22]} d6 {[%emt 0:00:06]} 8. Be2 {[%emt 0:00:24]} O-O {[%emt 0:00:07]} 9. O-O {[%emt 0:00:34]} Bd7 {[%emt 0:00:10]} 10. h3 {[%emt 0:01:12]} Nxd4 {[%emt 0:00:07]} 11. Bxd4 {[%emt 0:00:15]} Bc6 {[%emt 0:00:01]} 12. Qc2 {[%emt 0:01:22]} a5 {[%emt 0:01:38]} 13. Rad1 {[%emt 0:02:50]} Nd7 {[%emt 0:01:31]} 14. Bxg7 {[%emt 0:00:37]} Kxg7 {[%emt 0:00:03]} 15. Bg4 {[%emt 0:03:04]} Nc5 {[%emt 0:05:08]} 16. e5 {[%emt 0:00:37]} h5 {[%emt 0:00:23]} 17. Be2 {[%emt 0:00:44]} Qc7 {[%emt 0:08:38]} 18. exd6 {[%emt 0:00:18]} exd6 19. Nd5 {[%emt 0:04:16]} Bxd5 {[%emt 0:02:37]} 20. Rxd5 {[%emt 0:00:19]} Ne6 {[%emt 0:01:35]} 21. Qd2 {[%emt 0:11:43]} Rad8 {[%emt 0:06:38]} 22. Rd1 {[%emt 0:00:59]} Rfe8 {[%emt 0:04:39]} 23. Bf1 {[%emt 0:11:17]} Nc5 {[%emt 0:06:41]} 24. g3 {[%emt 0:05:59]} Kg8 {[%emt 0:01:24]} 25. Rxd6 {[%emt 0:02:50]} Rxd6 {[%emt 0:04:35]} 26. Qxd6 {[%emt 0:00:03]} Qxd6 {[%emt 0:00:09]} 27. Rxd6 {[%emt 0:00:03]} Re1 {[%emt 0:00:23]} 28. Kg2 {[%emt 0:03:47]} Rb1 {[%emt 0:01:29]} 29. Rd2 {[%emt 0:04:31]} a4 {[%emt 0:02:32]} 30. Be2 {[%emt 0:02:12]} Kf8 {[%emt 0:04:39]} 31. h4 {[%emt 0:00:47]} Ke7 {[%emt 0:01:10]} 32. Bf3 {[%emt 0:07:10]} b6 {[%emt 0:01:09]} 33. Bd5 {[%emt 0:01:03]} a3 {[%emt 0:04:37]} 34. bxa3 {[%emt 0:00:19]} Rc1 {[%emt 0:00:16]} 35. Rb2 {[%emt 0:05:52]} Nd7 {[%emt 0:02:28]} 36. a4 {[%emt 0:01:01]} Rc3 {[%emt 0:00:29]} 37. Re2+ {[%emt 0:05:33]} Kf8 {[%emt 0:01:07]} 38. Re3 {[%emt 0:02:41]} Rc2 {[%emt 0:00:33]} 39. Ra3 {[%emt 0:04:55]} Ne5 {[%emt 0:00:35]} 40. a5 {[%emt 0:05:16]} bxa5 {[%emt 0:00:53]} 41. Rxa5 Nxc4 {[%emt 0:07:40]} 42. Ra8+ {[%emt 0:01:52]} Kg7 {[%emt 0:00:01]} 43. Bxc4 {[%emt 0:04:48]} Rxc4 {[%emt 0:00:01]} 44. a4 {[%emt 0:01:46]} Rc3 {[%emt 0:00:07]} 45. a5 {[%emt 0:00:15]} Ra3 {[%emt 0:00:06]} 46. a6 {[%emt 0:00:07]} Kh7 {[%emt 0:00:06]} 47. Kf1 {[%emt 0:00:30]} Ra2 {[%emt 0:00:05]} 48. Ke1 {[%emt 0:00:17]} Kg7 49. Kd1 {[%emt 0:03:39]} Rxf2 {[%emt 0:00:45]} 50. Kc1 {[%emt 0:00:09]} Ra2 {[%emt 0:00:00]} 51. Kb1 {[%emt 0:00:19]} Ra5 {[%emt 0:02:13]} 52. Kb2 {[%emt 0:00:17]} Kf6 {[%emt 0:00:17]} 53. Kb3 {[%emt 0:00:17]} Kf5 {[%emt 0:00:24]} 54. Kb4 {[%emt 0:00:36]} Ra1 {[%emt 0:00:17]} 55. Kb5 {[%emt 0:00:51]} Kg4 {[%emt 0:00:16]} 56. Rd8 {[%emt 0:02:16]} Kxg3 {[%emt 0:00:54]} 57. Rd4 {[%emt 0:00:55]} f5 {[%emt 0:08:52]} 58. Ra4 {[%emt 0:02:20]} Rb1+ {[%emt 0:00:10]} 59. Rb4 {[%emt 0:00:07]} Re1 {[%emt 0:04:15]} 60. a7 {[%emt 0:00:40]} Re8 {[%emt 0:00:05]} 61. Kc4 {[%emt 0:01:32]} Ra8 {[%emt 0:00:17]} 62. Rb7 {[%emt 0:00:10]} Kxh4 {[%emt 0:00:09]} 63. Kd3 {[%emt 0:00:20]} g5 64. Ke2 {[%emt 0:00:14]} Kg3 {[%emt 0:01:43]} 65. Kf1 {[%emt 0:00:24]} f4 {[%emt 0:00:15]} 66. Kg1 {[%emt 0:00:24]} g4 {[%emt 0:00:16]} 67. Kh1 {[%emt 0:00:18]} h4 {[%emt 0:01:28]} 68. Kg1 {[%emt 0:00:09]} Kh3 {[%emt 0:02:40]} 69. Kh1 {[%emt 0:00:11]} g3 {[%emt 0:00:57]} 70. Kg1 {[%emt 0:00:32]} f3 {[%emt 0:00:22]} 71. Rh7 {[%emt 0:02:54]} Rd8 {[%emt 0:00:38]} 0-1

[Event "ESP-chT 2nd Division 2019"]
[Site "Linares"]
[Date "2019.08.21"]
[Round "4.36"]
[White "Sanchez Saez, Francisco"]
[Black "Gonzalez Trigal, Jose Luis"]
[Result "1-0"]
[WhiteElo "2359"]
[BlackElo "2352"]
[Annotator "NA"]
[PlyCount "131"]
[EventDate "2019.08.19"]
[EventType "team-tourn"]
[EventCountry "ESP"]
[SourceTitle "playchess.com"]
[Source "ChessBase"]
[SourceQuality "1"]
[TimeControl "5400+30"]

1. Nf3 {[%emt 0:00:00]} Nf6 {[%emt 0:00:00]} 2. c4 {[%emt 0:00:00]} e6 {[%emt 0:00:13]} 3. g3 {[%emt 0:00:00]} d5 {[%emt 0:00:21]} 4. Bg2 {[%emt 0:00:00]} dxc4 {[%emt 0:01:23]} 5. Na3 {[%emt 0:00:04]} Bxa3 {[%emt 0:00:43]} 6. bxa3 {[%emt 0:00:06]} O-O {[%emt 0:00:09]} 7. Qc2 {[%emt 0:02:28]} c5 {[%emt 0:07:03]} 8. Bb2 {[%emt 0:02:24]} Nc6 {[%emt 0:04:09]} 9. Qxc4 {[%emt 0:05:56]} b6 {[%emt 0:11:50]} 10. Ng5 {[%emt 0:25:48]} Nd5 {[%emt 0:13:17]} 11. h4 {[%emt 0:20:20]} Rb8 {[%emt 0:25:03]} 12. Qa4 {[%emt 0:13:10]} Bd7 {[%emt 0:18:05]} 13. Qc2 {[%emt 0:00:15]} f5 {[%emt 0:00:29]} 14. e4 {[%emt 0:02:05]} Nf6 {[%emt 0:10:12]} 15. exf5 {[%emt 0:01:22]} exf5 {[%emt 0:01:37]} 16. Qc4+ {[%emt 0:01:14]} Kh8 {[%emt 0:00:01]} 17. Nf7+ {[%emt 0:01:16]} Rxf7 {[%emt 0:00:02]} 18. Qxf7 {[%emt 0:00:07]} Qe8+ {[%emt 0:00:08]} 19. Qxe8+ {[%emt 0:00:17]} Rxe8+ {[%emt 0:00:01]} 20. Kd1 {[%emt 0:01:40]} Ne5 {[%emt 0:00:49]} 21. Bxe5 {[%emt 0:00:55]} Rxe5 {[%emt 0:00:01]} 22. Kc2 {[%emt 0:00:58]} Re8 {[%emt 0:02:31]} 23. Rhe1 {[%emt 0:00:59]} Rd8 {[%emt 0:00:02]} 24. Bf3 {[%emt 0:01:01]} Kg8 {[%emt 0:00:20]} 25. Re3 {[%emt 0:00:24]} f4 {[%emt 0:01:53]} 26. gxf4 {[%emt 0:00:37]} Ba4+ {[%emt 0:00:16]} 27. Kc3 {[%emt 0:00:26]} Rd4 {[%emt 0:00:01]} 28. Rg1 {[%emt 0:04:19]} Rxf4 {[%emt 0:00:03]} 29. h5 {[%emt 0:00:19]} Kf8 {[%emt 0:00:39]} 30. d3 {[%emt 0:01:31]} h6 {[%emt 0:01:22]} 31. Rg2 {[%emt 0:02:42]} Be8 {[%emt 0:00:13]} 32. Rh2 {[%emt 0:01:27]} Bf7 {[%emt 0:00:17]} 33. Kb2 {[%emt 0:01:15]} Rf5 {[%emt 0:01:07]} 34. Be4 {[%emt 0:00:53]} Rg5 {[%emt 0:00:34]} 35. Rg3 {[%emt 0:02:14]} Re5 {[%emt 0:00:02]} 36. f4 {[%emt 0:02:31]} Re7 {[%emt 0:00:40]} 37. Bg6 {[%emt 0:00:23]} Bxg6 {[%emt 0:01:41]} 38. hxg6 {[%emt 0:00:36]} Re1 {[%emt 0:00:35]} 39. Rgg2 {[%emt 0:01:55]} Re3 {[%emt 0:00:53]} 40. Kc2 {[%emt 0:00:57]} Nd5 {[%emt 0:00:28]} 41. Kd2 {[%emt 0:00:26]} Re6 {[%emt 0:00:31]} 42. f5 {[%emt 0:00:49]} Rf6 {[%emt 0:00:20]} 43. Re2 {[%emt 0:01:22]} Ne7 {[%emt 0:00:49]} 44. Re6 {[%emt 0:01:19]} Rxe6 45. fxe6 {[%emt 0:00:07]} Nxg6 {[%emt 0:00:33]} 46. Rf2+ {[%emt 0:00:19]} Ke7 {[%emt 0:00:08]} 47. Rf7+ {[%emt 0:00:13]} Kxe6 {[%emt 0:00:01]} 48. Rxg7 {[%emt 0:00:07]} Ne7 {[%emt 0:00:32]} 49. Rh7 {[%emt 0:00:09]} Kd7 {[%emt 0:00:53]} 50. Kc3 {[%emt 0:00:20]} b5 {[%emt 0:00:49]} 51. a4 {[%emt 0:00:30]} a6 {[%emt 0:00:04]} 52. a5 {[%emt 0:00:19]} h5 {[%emt 0:00:56]} 53. Rxh5 {[%emt 0:00:20]} Nc6 {[%emt 0:00:11]} 54. Rxc5 {[%emt 0:01:48]} Nxa5 {[%emt 0:00:07]} 55. Rh5 {[%emt 0:00:20]} Nc6 {[%emt 0:00:35]} 56. Rh6 {[%emt 0:00:27]} Kc7 {[%emt 0:00:29]} 57. d4 {[%emt 0:00:18]} a5 {[%emt 0:00:14]} 58. d5 {[%emt 0:01:30]} Nb4 {[%emt 0:00:19]} 59. Kd4 {[%emt 0:01:18]} Nxa2 {[%emt 0:00:39]} 60. Kc5 {[%emt 0:00:07]} Nc3 {[%emt 0:00:44]} 61. Rh7+ {[%emt 0:00:12]} Kd8 {[%emt 0:00:25]} 62. Kc6 {[%emt 0:01:38]} Ne2 {[%emt 0:01:54]} 63. Rh8+ {[%emt 0:00:50]} Ke7 {[%emt 0:00:01]} 64. d6+ {[%emt 0:00:10]} Kf7 {[%emt 0:00:01]} 65. d7 {[%emt 0:00:25]} Nd4+ {[%emt 0:00:03]} 66. Kd5 {[%emt 0:00:45]} 1-0

[Event "ESP-chT 2nd Division 2019"]
[Site "Linares"]
[Date "2019.08.21"]
[Round "4.37"]
[White "Escudero Manzano, Alejandro"]
[Black "Galiana Fernandez, Adrian"]
[Result "0-1"]
[WhiteElo "2229"]
[BlackElo "2295"]
[Annotator "NA"]
[PlyCount "93"]
[EventDate "2019.08.19"]
[EventType "team-tourn"]
[EventCountry "ESP"]
[SourceTitle "playchess.com"]
[Source "ChessBase"]
[SourceQuality "1"]
[TimeControl "5400+30"]

1. e4 {[%emt 0:00:00]} e5 {[%emt 0:00:00]} 2. Nf3 {[%emt 0:00:00]} Nc6 {[%emt 0:00:00]} 3. Bc4 {[%emt 0:00:00]} Bc5 {[%emt 0:00:00]} 4. c3 {[%emt 0:00:09]} Nf6 {[%emt 0:00:00]} 5. d3 {[%emt 0:00:14]} d6 {[%emt 0:00:00]} 6. O-O {[%emt 0:00:47]} O-O {[%emt 0:00:05]} 7. h3 {[%emt 0:00:52]} a5 {[%emt 0:00:11]} 8. a4 {[%emt 0:04:14]} h6 {[%emt 0:00:28]} 9. Re1 {[%emt 0:00:52]} Be6 {[%emt 0:01:20]} 10. Bxe6 {[%emt 0:17:08]} fxe6 {[%emt 0:00:13]} 11. d4 {[%emt 0:00:23]} exd4 {[%emt 0:00:06]} 12. cxd4 {[%emt 0:00:21]} Bb4 {[%emt 0:00:08]} 13. Nc3 {[%emt 0:02:30]} Qd7 {[%emt 0:19:07]} 14. Re3 {[%emt 0:11:19]} Qf7 {[%emt 0:04:56]} 15. Qe2 {[%emt 0:27:13]} e5 {[%emt 0:06:43]} 16. dxe5 {[%emt 0:02:07]} dxe5 {[%emt 0:00:19]} 17. Rd3 {[%emt 0:02:01]} Rad8 {[%emt 0:02:07]} 18. Be3 {[%emt 0:05:31]} Bxc3 {[%emt 0:02:21]} 19. Rxc3 {[%emt 0:00:41]} Nxe4 {[%emt 0:00:47]} 20. Rcc1 {[%emt 0:02:02]} Nd6 {[%emt 0:04:20]} 21. Rc5 {[%emt 0:00:57]} e4 {[%emt 0:01:46]} 22. Ne5 {[%emt 0:08:07]} Nxe5 {[%emt 0:01:05]} 23. Rxe5 {[%emt 0:00:04]} b6 {[%emt 0:00:08]} 24. Rc1 {[%emt 0:01:08]} c5 {[%emt 0:02:52]} 25. Rd1 {[%emt 0:01:45]} Rde8 {[%emt 0:08:31]} 26. Rxe8 {[%emt 0:02:38]} Nxe8 {[%emt 0:01:37]} 27. Qb5 {[%emt 0:01:10]} Qe6 {[%emt 0:00:56]} 28. Rd7 {[%emt 0:01:03]} Nf6 {[%emt 0:00:29]} 29. Rb7 {[%emt 0:01:07]} Nd5 {[%emt 0:00:43]} 30. Qd7 {[%emt 0:03:04]} Qxd7 {[%emt 0:08:01]} 31. Rxd7 {[%emt 0:00:06]} Nxe3 {[%emt 0:00:05]} 32. fxe3 {[%emt 0:00:04]} Rb8 {[%emt 0:00:05]} 33. b3 {[%emt 0:02:40]} b5 {[%emt 0:00:28]} 34. Rd5 {[%emt 0:01:50]} c4 {[%emt 0:00:34]} 35. bxc4 {[%emt 0:00:14]} b4 {[%emt 0:00:13]} 36. Kf2 {[%emt 0:00:53]} Kf7 {[%emt 0:04:04]} 37. Ke2 {[%emt 0:01:44]} b3 {[%emt 0:00:15]} 38. Rd1 {[%emt 0:00:05]} Ke6 {[%emt 0:00:36]} 39. Rb1 {[%emt 0:01:00]} Kd6 {[%emt 0:00:22]} 40. Kd2 {[%emt 0:00:17]} Kc5 {[%emt 0:00:07]} 41. Kc3 {[%emt 0:00:04]} b2 {[%emt 0:00:25]} 42. Rxb2 {[%emt 0:01:57]} Rxb2 {[%emt 0:00:06]} 43. Kxb2 {[%emt 0:00:03]} Kxc4 {[%emt 0:00:09]} 44. Kc2 {[%emt 0:00:17]} Kb4 {[%emt 0:00:25]} 45. Kb2 {[%emt 0:00:33]} Kxa4 {[%emt 0:00:40]} 46. Kc3 {[%emt 0:00:11]} Kb5 {[%emt 0:00:20]} 47. Kd4 0-1

[Event "ESP-chT 2nd Division 2019"]
[Site "Linares"]
[Date "2019.08.21"]
[Round "4.38"]
[White "Sanchez Dengra, Jose Maria"]
[Black "Sanchez Jerez, Emilio Miguel"]
[Result "0-1"]
[WhiteElo "2216"]
[BlackElo "2141"]
[Annotator "NA"]
[PlyCount "68"]
[EventDate "2019.08.19"]
[EventType "team-tourn"]
[EventCountry "ESP"]
[SourceTitle "playchess.com"]
[Source "ChessBase"]
[SourceQuality "1"]
[TimeControl "5400+30"]

1. e4 {[%emt 0:00:00]} c5 {[%emt 0:00:00]} 2. Nf3 {[%emt 0:00:00]} Nc6 {[%emt 0:00:00]} 3. d4 {[%emt 0:00:00]} cxd4 {[%emt 0:00:00]} 4. Nxd4 {[%emt 0:00:01]} e5 {[%emt 0:00:03]} 5. Nb5 {[%emt 0:00:27]} a6 {[%emt 0:01:10]} 6. Nd6+ {[%emt 0:01:06]} Bxd6 {[%emt 0:01:12]} 7. Qxd6 {[%emt 0:00:07]} Qe7 {[%emt 0:00:19]} 8. Qd2 {[%emt 0:18:26]} Nf6 {[%emt 0:00:14]} 9. Nc3 {[%emt 0:02:28]} O-O {[%emt 0:00:11]} 10. a4 {[%emt 0:06:44]} d6 {[%emt 0:08:35]} 11. b3 {[%emt 0:10:10]} Nd4 {[%emt 0:07:46]} 12. Bd3 {[%emt 0:10:53]} Be6 {[%emt 0:02:00]} 13. O-O {[%emt 0:01:59]} b5 {[%emt 0:21:21]} 14. Ne2 {[%emt 0:05:16]} Nxe2+ {[%emt 0:15:18]} 15. Qxe2 {[%emt 0:00:17]} b4 {[%emt 0:00:49]} 16. Bxa6 {[%emt 0:08:54]} Nxe4 {[%emt 0:21:33]} 17. Qxe4 {[%emt 0:01:34]} Rxa6 {[%emt 0:00:21]} 18. Qxb4 {[%emt 0:00:19]} Qc7 {[%emt 0:02:11]} 19. Qd2 {[%emt 0:10:53]} d5 {[%emt 0:04:35]} 20. Ba3 {[%emt 0:06:24]} Rc8 {[%emt 0:00:51]} 21. Rfc1 {[%emt 0:03:14]} d4 {[%emt 0:00:33]} 22. Rab1 {[%emt 0:02:40]} h5 {[%emt 0:02:45]} 23. Bb4 {[%emt 0:01:03]} Rc6 {[%emt 0:01:06]} 24. Rb2 {[%emt 0:00:33]} Bf5 {[%emt 0:01:45]} 25. Ba5 {[%emt 0:00:26]} Qd7 {[%emt 0:01:10]} 26. b4 {[%emt 0:06:23]} Rg6 {[%emt 0:00:53]} 27. f3 {[%emt 0:01:52]} e4 {[%emt 0:01:02]} 28. fxe4 {[%emt 0:01:18]} Bxe4 {[%emt 0:00:13]} 29. g3 {[%emt 0:00:02]} Rc3 {[%emt 0:02:44]} 30. Rb3 {[%emt 0:00:46]} Rxb3 {[%emt 0:02:38]} 31. cxb3 {[%emt 0:00:02]} Bb7 {[%emt 0:01:13]} 32. Rc7 {[%emt 0:01:06]} Qd5 {[%emt 0:00:03]} 33. Rxb7 {[%emt 0:00:14]} Qxb7 {[%emt 0:00:02]} 34. Qxd4 {[%emt 0:00:07]} Qf3 {[%emt 0:00:42]} 0-1